000 00475nam a2200181Ia 4500
003 GCL
008 140319s9999 xx 000 0 eng d
040 _aGCL /
_cGCL
082 0 4 _a843
_bC G
100 1 _aCONIO, GERARD
245 1 0 _a25 GRANDS ROMANS FRANCAIS RESUMES ET COMMENTES /
_cCONIO, GERARD
260 _a[S.N] :
_bMARABOUT UNIVERSITE ،
_c1990
300 _a542 P
650 0 4 _aLITERATURE
650 0 4 _aFICTION
650 0 4 _aFRENCH LITERATURE
942 _2ddc
_cBK
999 _c24906
_d24906